书目信息 |
| 题名: |
数据仓库设计
|
|
| 作者: | 戈尔法雪利 著 ;战晓苏 , 皮人杰 , 吴云浩 译 | |
| 分册: | ||
| 出版信息: | 北京 清华大学出版社 2010.08 |
|
| 页数: | 18, 393页 | |
| 开本: | 26cm | |
| 丛书名: | ||
| 单 册: | ||
| 中图分类: | TP311.13 | |
| 科图分类: | ||
| 主题词: | 数据库系统 | |
| 电子资源: | ||
| ISBN: | 978-7-302-23074-8 | |
| 000 | 01460nam0 2200313 450 | |
| 001 | 012010618605 | |
| 005 | 20101123092521.14 | |
| 010 | @a978-7-302-23074-8@dCNY49.80 | |
| 100 | @a20101129d2010 em y0chiy0110 ea | |
| 101 | 1 | @achi@cger |
| 102 | @aCN@b110000 | |
| 105 | @ay z 000yy | |
| 200 | 1 | @a数据仓库设计@Ashu ju cang ku she ji@e现代原理与方法@f(意) Matteo Golfarelli, Stefano Rizzi著@g战晓苏,吴云浩,皮人杰译 |
| 210 | @a北京@c清华大学出版社@d2010.08 | |
| 215 | @a18, 393页@d26cm | |
| 300 | @a国外计算机科学经典教材 | |
| 306 | @a由麦格劳-希尔教育(亚洲)出版公司和清华大学出版社合作出版 | |
| 312 | @a封面英文题名:Data warehouse design: modern principles and methodologies | |
| 330 | @a本书介绍最前沿的数据仓库设计技术,指导您构建安全可靠的决策支持基础结构。它阐述了遵循成熟可靠的软件工程原理的实用设计方法,讨论如何得心应手地构建富有表达力的概念模式、将概念模式转换为关系模式以及设计最新ETL过程,还讲述如何集成异构数据源、实现星型和雪花模式、管理动态和不规则层次结构以及如何通过实体化和拆分视图来优化性能。 | |
| 500 | 10 | @aData warehouse design@emodern principles and methodologies@mChinese |
| 517 | 1 | @a现代原理与方法@Axian dai yuan li yu fang fa |
| 606 | 0 | @a数据库系统 |
| 690 | @aTP311.13@v4 | |
| 701 | 1 | @a戈尔法雪利@Age er fa xue li@g(Golfarelli, Matteo)@4著 |
| 702 | 0 | @a战晓苏@Azhan xiao su@4译 |
| 702 | 0 | @a皮人杰@Api ren jie@4译 |
| 702 | 0 | @a吴云浩@Awu yun hao@4译 |
| 801 | 0 | @aCN@c20101129 |
| 905 | @dTP311.13@eG230 | |
| 数据仓库设计:现代原理与方法/(意) Matteo Golfarelli, Stefano Rizzi著/战晓苏,吴云浩,皮人杰译.-北京:清华大学出版社,2010.08 |
| 18, 393页;26cm |
| 国外计算机科学经典教材 |
| ISBN 978-7-302-23074-8:CNY49.80 |
| 本书介绍最前沿的数据仓库设计技术,指导您构建安全可靠的决策支持基础结构。它阐述了遵循成熟可靠的软件工程原理的实用设计方法,讨论如何得心应手地构建富有表达力的概念模式、将概念模式转换为关系模式以及设计最新ETL过程,还讲述如何集成异构数据源、实现星型和雪花模式、管理动态和不规则层次结构以及如何通过实体化和拆分视图来优化性能。 |
| ● |
| 相关链接 |
|
|
|
正题名:数据仓库设计
索取号:TP311.13/G230
 
预约/预借
| 序号 | 登录号 | 条形码 | 馆藏地/架位号 | 状态 | 备注 |
| 1 | 1034495 | 210344956 | 自科库301/301自科库 77排2列2层/ [索取号:TP311.13/G230] | 在馆 | |
| 2 | 1034496 | 210344965 | 自科库301/301自科库 77排2列2层/ [索取号:TP311.13/G230] | 在馆 | |
| 3 | 1034497 | 210344974 | 自科二线404/404自科库 13排6列2层/ [索取号:TP311.13/G230] | 在馆 |